000 00815nam a22002297a 4500
003 UA-OsUOA
001 77285
007 ta
008 20110906b un ||||| |||| 00| 0 ukr d
090 _a347.98
_bС27
942 _cBK
040 _aUA-OsUOA
_brus
_cUA-OsUOA
_dUA-OsUOA
245 _aСделки и договоры: Обзор судебной практики к главам 9, 27, 28, 29 Гражданского кодекса РФ
_cпод ред. канд. юрид. наук, доцента А.В.Коновалова
300 _a524 с.
955 _a2
041 _arus
080 _a347.98
020 _a5-94201-343-8
260 _aСПб
_bЮридический центр Пресс
_c2004
650 7 _a347 Цивільне право. Судовий устрій
_2UDC
999 _c363596
_d363596